Countries Larger than Tajikistan - Statistics

General Stats
  • This quiz has been taken 38 times
    27 since last reset
  • The average score is 66 of 93
Answer Stats
Country Total in KM² % Correct
Ukraine 603,500
96%
United Kingdom 242,495
96%
Canada 9,984,670
92%
Iran 1,648,195
92%
Iraq 438,317
92%
Russia 17,098,246
92%
United States of America 9,525,067
92%
Uzbekistan 447,400
92%
China 9,596,961
88%
France 640,679
88%
Germany 357,114
88%
Mexico 1,964,375
88%
Mongolia 1,564,110
88%
Saudi Arabia 2,149,690
88%
Argentina 2,780,400
84%
Brazil 8,515,767
84%
India 3,287,263
84%
Italy 301,339
84%
Kazakhstan 2,724,900
84%
Norway 323,802
84%
Sweden 450,295
84%
Turkmenistan 488,100
84%
Egypt 1,002,450
80%
Finland 338,424
80%
Indonesia 1,910,931
80%
Malaysia 330,803
80%
Niger 1,267,000
80%
Nigeria 923,768
80%
Pakistan 881,912
80%
Australia 7,692,024
76%
Belarus 207,600
76%
Chile 756,102
76%
Kyrgyzstan 199,951
76%
Libya 1,759,540
76%
Mauritania 1,030,700
76%
Philippines 300,000
76%
South Sudan 644,329
76%
Spain 505,992
76%
Sudan 1,861,484
76%
Turkey 783,562
76%
Afghanistan 652,230
72%
Bolivia 1,098,581
72%
Colombia 1,141,748
72%
Ecuador 276,841
72%
Japan 377,973
72%
Mali 1,240,192
72%
Paraguay 406,752
72%
Peru 1,285,216
72%
Republic of the Congo 342,000
72%
Somalia 637,657
72%
South Africa 1,221,037
72%
Thailand 513,120
72%
Algeria 2,381,741
68%
Laos 236,800
68%
Morocco 446,550
68%
Myanmar 676,578
68%
New Zealand 270,467
68%
Oman 309,500
68%
Poland 312,696
68%
Venezuela 916,445
68%
Bangladesh 147,570
64%
Chad 1,284,000
64%
Ethiopia 1,104,300
64%
Kenya 580,367
64%
Namibia 825,615
64%
Syria 185,180
64%
Vietnam 331,212
64%
Yemen 527,968
64%
Angola 1,246,700
60%
Botswana 581,730
60%
Romania 238,397
60%
Tanzania 945,087
60%
Uganda 241,550
60%
Zimbabwe 390,757
60%
Burkina Faso 274,222
56%
Cameroon 475,442
56%
Central African Republic 622,984
56%
Tunisia 163,610
56%
Uruguay 176,215
56%
Zambia 752,612
56%
Cambodia 181,035
52%
Ghana 238,533
52%
Ivory Coast 322,463
52%
Madagascar 587,041
52%
Mozambique 801,590
52%
Nepal 147,181
52%
Senegal 196,722
52%
Gabon 267,668
48%
Guinea 245,857
48%
Suriname 163,820
48%
Guyana 214,969
44%
Democratic Republic of Congo 2,344,858
40%
Papua New Guinea 462,840
36%
No matching quizzes found
Score Distribution
Percent of People with Each Score
Percentile by Number Answered
Your Score History
You have not taken this quiz since the last reset